000 00711nam a2200277Ia 4500
005 20260121125446.0
008 008 260114s9999 xx 000 0 eng d
020 _a9780226460079
037 _aEBOOK
040 _aCRL
040 _beng
040 _cCRL
041 _2eng
041 _aeng
084 _qCRL
100 _aThrontveit, Trygve
_9993293
245 0 _aPower without Victory: Woodrow Wilson and the American Internationalist Experiment
260 _bWalter de Gruyter
260 _bWalter de Gruyter
260 _c2017
650 _aHistory
_9993294
856 _uhttp://www.degruyter.com/isbn/9780226460079
942 _cEBOOK
999 _c1562174
_d1562174